|
|
|
|
| LEADER |
01708nam a2200409 i 4500 |
| 001 |
EBC4001146 |
| 003 |
MiAaPQ |
| 005 |
20200520144314.0 |
| 006 |
m o d | |
| 007 |
cr cnu|||||||| |
| 008 |
161026t20152015nyua ob 001 0 eng d |
| 020 |
|
|
|z 9781137497949
|
| 020 |
|
|
|a 9781137497956 (e-book)
|
| 035 |
|
|
|a (MiAaPQ)EBC4001146
|
| 035 |
|
|
|a (Au-PeEL)EBL4001146
|
| 035 |
|
|
|a (CaPaEBR)ebr11284105
|
| 035 |
|
|
|a (CaONFJC)MIL819529
|
| 035 |
|
|
|a (OCoLC)914166137
|
| 040 |
|
|
|a MiAaPQ
|b eng
|e rda
|e pn
|c MiAaPQ
|d MiAaPQ
|
| 050 |
|
4 |
|a HG4028.A84
|b .S255 2015
|
| 082 |
0 |
|
|a 332.63/2
|2 23
|
| 100 |
1 |
|
|a Saleuddin, Rasheed,
|d 1966-
|e author.
|
| 245 |
1 |
0 |
|a Regulating securitized products :
|b a post crisis guide /
|c Rasheed Saleuddin, West Face Capital Inc.
|
| 264 |
|
1 |
|a New York, New York :
|b Palgrave Macmillan,
|c 2015.
|
| 264 |
|
4 |
|c 2015
|
| 300 |
|
|
|a 1 online resource (233 pages) :
|b illustrations
|
| 336 |
|
|
|a text
|2 rdacontent
|
| 337 |
|
|
|a computer
|2 rdamedia
|
| 338 |
|
|
|a online resource
|2 rdacarrier
|
| 504 |
|
|
|a Includes bibliographical references and indexes.
|
| 588 |
|
|
|a Description based on print version record.
|
| 590 |
|
|
|a Electronic reproduction. Ann Arbor, MI : ProQuest, 2016. Available via World Wide Web. Access may be limited to ProQuest affiliated libraries.
|
| 650 |
|
0 |
|a Asset-backed financing.
|
| 655 |
|
4 |
|a Electronic books.
|
| 776 |
0 |
8 |
|i Print version:
|a Saleuddin, Rasheed, 1966-
|t Regulating securitized products : a post crisis guide.
|d New York, New York : Palgrave Macmillan, c2015
|h xxii, 212 pages
|z 9781137497949
|w 2015002669
|
| 797 |
2 |
|
|a ProQuest (Firm)
|
| 856 |
4 |
0 |
|u https://ebookcentral.proquest.com/lib/matrademy/detail.action?docID=4001146
|z Click to View
|